000 00376nam a2200097Ia 4500
008 180130s9999 xx 000 0 und d
245 _cMorgan, Kevin; Hassan, Mohamad Faithal Haji
_aThe practice session: creating a motivational climate
260 _c2015
300 _aBook title: Practical sports coaching--Acession number C20229; pages 110-126
650 _aCOACHING (ATHLETICS)
999 _c354568
_d354568